Normal view MARC view
  • PARANJAPE , DR. N.V.

Entry Personal Name

Number of records used in: 1

001 - CONTROL NUMBER

  • control field: 6872

003 - CONTROL NUMBER IDENTIFIER

  • control field: OSt

005 - DATE AND TIME OF LATEST TRANSACTION

  • control field: 20210904120107.0

008 - FIXED-LENGTH DATA ELEMENTS

  • fixed length control field: 210904|| aca||aabn | a|a d

040 ## - CATALOGING SOURCE

  • Original cataloging agency: OSt
  • Transcribing agency: OSt

100 ## - HEADING--PERSONAL NAME

  • Personal name: PARANJAPE , DR. N.V.

670 ## - SOURCE DATA FOUND

  • Source citation: Work cat.: (OSt)6935: PARANJAPE , DR. N.V., THE CODE OF CRIMINAL PROCEDURE: Along with juvenile justice (1973) ) (ACT. NO. 2 OF 1974)